[Event "S&WYM"]
[Site "Millfield School ENG"]
[Date "2002.07.15"]
[Round "7"]
[White "Dearing,E"]
[Black "Antal,Ge"]
[Result "1-0"]
[WhiteElo "2343"]
[BlackElo "2492"]
[EventDate "2002.07.10"]

1. c4 e5 2. g3 Nf6 3. Bg2 d5 4. cxd5 Nxd5 5. Nf3 Nc6 6. O-O Be7 7. d4 exd4
8. Nxd4 Nxd4 9. Qxd4 Nf6 10. Qa4+ c6 11. Nc3 O-O 12. e4 Be6 13. h3 Nd7 14.
Qc2 Qa5 15. Bd2 Qh5 16. g4 Qh4 17. Bf4 h5 18. Bg3 Qf6 19. gxh5 Qg5 20. Ne2
Qxh5 21. Nf4 Qh6 22. Nxe6 Qxe6 23. f4 f5 24. exf5 Rxf5 25. Rae1 Bc5+ 26.
Kh2 Qf7 27. Be4 Rf6 28. Bd3 Nb6 29. Qxc5 1-0

[Event "S&WYM"]
[Site "Millfield School ENG"]
[Date "2002.07.15"]
[Round "7"]
[White "Gladyszev,O"]
[Black "Mah,K"]
[Result "1/2-1/2"]
[WhiteElo "2388"]
[BlackElo "2409"]
[EventDate "2002.07.10"]

1. d4 e6 2. c4 b6 3. a3 f5 4. Nc3 Nf6 5. Nf3 Bb7 6. g3 Ne4 7. Nxe4 Bxe4 8.
Bg2 Be7 9. O-O O-O 10. b3 Bf6 11. Bb2 c5 12. Qd2 Nc6 13. dxc5 Bxb2 14. Qxb2
bxc5 15. b4 Rb8 16. Qd2 cxb4 17. axb4 Rxb4 18. Rxa7 Nxa7 19. Qxb4 Qc7
1/2-1/2

[Event "S&WYM"]
[Site "Millfield School ENG"]
[Date "2002.07.15"]
[Round "7"]
[White "Middelburg,T"]
[Black "Palliser,R"]
[Result "1/2-1/2"]
[WhiteElo "2382"]
[BlackElo "2441"]
[EventDate "2002.07.10"]

1. e4 c5 2. Nf3 d6 3. d4 cxd4 4. Nxd4 Nf6 5. Nc3 a6 6. f4 e5 7. Nf3 Nbd7 8.
Bd3 Be7 9. O-O O-O 10. Kh1 b5 11. a3 Bb7 12. Qe1 Re8 13. fxe5 Nxe5 14. Qg3
Ng6 15. Bd2 Nh5 16. Qf2 Nf6 17. Rae1 Rc8 18. Nd4 Qd7 19. Nf5 Bd8 20. Qd4
Re6 21. Re3 Ne8 22. Rh3 Bf6 23. Qf2 Bxc3 24. Bxc3 Rxc3 25. bxc3 Bxe4 26.
Bxe4 Rxe4 27. Rf3 Ne5 28. Rg3 g6 29. Qd2 Nc4 30. Qg5 f6 31. Nh6+ Kg7 32.
Nf5+ Kg8 33. Nh6+ Kg7 34. Nf5+ 1/2-1/2

[Event "S&WYM"]
[Site "Millfield School ENG"]
[Date "2002.07.15"]
[Round "7"]
[White "Addison,B"]
[Black "Sinkevich,P"]
[Result "1/2-1/2"]
[WhiteElo "2219"]
[BlackElo "2337"]
[EventDate "2002.07.10"]

1. d4 d5 2. c4 c6 3. Nf3 Nf6 4. Nc3 a6 5. c5 Nbd7 6. Bf4 Nh5 7. e3 g6 8.
Bd3 Bg7 9. O-O O-O 10. h3 Nxf4 11. exf4 Qc7 12. f5 b6 13. cxb6 Nxb6 14.
fxg6 hxg6 15. Re1 c5 16. Rc1 c4 17. Bb1 Qd6 18. Qd2 Qf6 19. Ne5 Kh7 20.
Rcd1 Bh6 21. Qe2 Ra7 22. b3 cxb3 23. axb3 Rc7 24. Rd3 Qh4 25. Rf3 f5 26.
Qd3 e6 27. Ne2 Nd7 28. Nxd7 Rxd7 29. Nc3 Rd6 30. Na4 Bg7 31. Rd1 Rc6 32.
Kh2 Rf7 33. g3 Qd8 34. Qe3 Rb7 35. Qd2 a5 36. Rc3 Rbc7 37. Rdc1 Rxc3 38.
Rxc3 Rxc3 39. Qxc3 Ba6 40. Nc5 Qb6 41. Kg2 1/2-1/2

[Event "S&WYM"]
[Site "Millfield School ENG"]
[Date "2002.07.15"]
[Round "7"]
[White "Jones,G"]
[Black "Trent,L"]
[Result "1-0"]
[WhiteElo "2237"]
[BlackElo "2246"]
[EventDate "2002.07.10"]

1. e4 c5 2. Nf3 e6 3. d3 Nc6 4. g3 g6 5. Bg5 Qc7 6. Nbd2 Bg7 7. Bf4 d6 8.
Nc4 e5 9. Bd2 Nge7 10. a4 O-O 11. Bg2 b6 12. O-O Bb7 13. Nh4 Rad8 14. Ne3
Qd7 15. c3 f5 16. exf5 gxf5 17. Bh3 d5 18. Qh5 Bc8 19. f4 e4 20. dxe4 dxe4
21. Rf2 Qe8 22. Qe2 Kh8 23. Kh1 Na5 24. Be1 Nb3 25. Rd1 Rxd1 26. Qxd1 Qxa4
27. Qh5 Qd7 28. g4 fxg4 29. Nxg4 Qd1 30. Rf1 e3 31. Nf3 Nd5 32. Ng5 Qd3 33.
f5 Bxf5 34. Nf7+ Rxf7 35. Qxf7 Bg6 36. Qd7 h5 37. Bg2 Nf4 38. Qc8+ Kh7 39.
Rxf4 hxg4 40. Qxg4 Qb1 41. Qh4+ Bh6 42. Bd5 Qd1 43. Qe7+ Bg7 44. Rh4+ Bh5
45. Qe4+ Kh6 46. Qxe3+ Kg6 47. Qe4+ Kf6 48. Rxh5 Qxh5 49. Bh4+ 1-0

[Event "S&WYM"]
[Site "Millfield School ENG"]
[Date "2002.07.15"]
[Round "7"]
[White "Koster,R"]
[Black "Haslinger,S"]
[Result "0-1"]
[WhiteElo "2226"]
[BlackElo "2310"]
[EventDate "2002.07.10"]

1. d4 d5 2. c4 e6 3. Nf3 c6 4. Qc2 Nf6 5. g3 dxc4 6. Qxc4 b5 7. Qc2 Bb7 8.
Nbd2 Nbd7 9. Nb3 Qb6 10. Be3 Nd5 11. Rc1 Nxe3 12. fxe3 Rc8 13. Nc5 Nxc5 14.
dxc5 Qa5+ 15. Kf2 Qxa2 16. Bh3 Be7 17. Ra1 Qc4 18. Qxc4 bxc4 19. Rxa7 Rb8
20. Rha1 Kd7 21. Ne5+ Kc7 22. R1a6 Kc8 23. Nxf7 Rf8 24. Bxe6+ Kc7 25. Ra5
Rxf7+ 26. Bxf7 Rf8 27. Ra4 Bxc5 28. R7a5 Rxf7+ 29. Ke1 Kb6 0-1

[Event "S&WYM"]
[Site "Millfield School ENG"]
[Date "2002.07.15"]
[Round "7"]
[White "Martyn,R"]
[Black "Erwich,Frank"]
[Result "1/2-1/2"]
[WhiteElo "2201"]
[BlackElo "2330"]
[EventDate "2002.07.10"]

1. d4 Nf6 2. c4 c5 3. d5 b5 4. Nf3 g6 5. cxb5 a6 6. b6 d6 7. Nc3 Nbd7 8. a4
a5 9. e4 Nxb6 10. Be2 Bg7 11. O-O O-O 12. Bf4 Ne8 13. Qd2 Bg4 14. h3 Bxf3
15. Bxf3 Nc4 16. Qc2 Qb6 17. b3 Ne5 18. Be2 Nc7 19. Nb5 f5 20. Rad1 fxe4
1/2-1/2

[Event "S&WYM"]
[Site "Millfield School ENG"]
[Date "2002.07.15"]
[Round "7"]
[White "Williams,Si"]
[Black "Woodward,T"]
[Result "0-1"]
[WhiteElo "2421"]
[BlackElo "2211"]
[EventDate "2002.07.10"]

1. d4 d5 2. c4 c6 3. Nc3 Nf6 4. Nf3 dxc4 5. e4 b5 6. e5 Nd5 7. a4 e6 8. Ng5
Be7 9. h4 h6 10. Nge4 b4 11. Nb1 Ba6 12. Nbd2 c3 13. Nc4 Bxc4 14. Bxc4 Qa5
15. Qg4 g6 16. O-O Nd7 17. h5 g5 18. bxc3 bxc3 19. Qf3 N7b6 20. Be2 Rf8 21.
Rd1 Rc8 22. Ba3 Bxa3 23. Rxa3 Qb4 24. Raa1 Rb8 25. a5 Nd7 26. Rac1 Qxa5 27.
Nxc3 Rb3 28. Rd3 Qa3 29. Rc2 Nb4 30. Rcd2 Nxd3 31. Rxd3 Qc1+ 32. Bf1 Nb8
33. Ne4 Rxd3 34. Qxd3 Qb2 35. Nc3 Qb3 36. Be2 a5 37. Bd1 Qb4 38. Ba4 Ke7
39. Qf3 Qxd4 40. Ne4 Qa1+ 41. Bd1 Qxe5 42. Qa3+ c5 43. Bf3 Nd7 44. Qxa5 g4
0-1

[Event "S&WYM"]
[Site "Millfield School ENG"]
[Date "2002.07.15"]
[Round "7"]
[White "Broomfield,M"]
[Black "Skjoldborg,J DEN"]
[Result "1-0"]
[WhiteElo "2229"]
[BlackElo "2201"]
[EventDate "2002.07.10"]

1. d4 Nf6 2. Nf3 e6 3. c3 b6 4. Bg5 Be7 5. h4 Bb7 6. Nbd2 Ne4 7. Nxe4 Bxe4
8. Bxe7 Qxe7 9. Nd2 Bb7 10. e4 f5 11. Bd3 c5 12. dxc5 bxc5 13. Qe2 fxe4 14.
Nxe4 Bxe4 15. Bxe4 d5 16. Bf3 Nc6 17. O-O-O O-O 18. Rhe1 Rae8 19. g3 Rf5
20. Bh5 g6 21. Bg4 Re5 22. Qd2 Qf7 23. Rf1 Re4 24. f4 Ra4 25. b3 Ra5 26.
Rfe1 Kg7 27. h5 Qf6 28. Kb1 c4 29. b4 Ra3 30. Rc1 gxh5 31. Bh3 d4 32. cxd4
Nxd4 33. Rxc4 Nf3 34. Rc7+ Kf8 35. Qd6+ Kg8 36. Rxe6 Nd2+ 37. Qxd2 Rxe6 38.
Bxe6+ 1-0

[Event "S&WYM"]
[Site "Millfield School ENG"]
[Date "2002.07.16"]
[Round "8"]
[White "Dearing,E"]
[Black "Pinter,G"]
[Result "1-0"]
[WhiteElo "2343"]
[BlackElo "2381"]
[EventDate "2002.07.10"]

1. c4 Nf6 2. g3 g6 3. Bg2 Bg7 4. Nc3 O-O 5. Nf3 d6 6. O-O Nc6 7. d3 e5 8.
Rb1 a5 9. h3 h6 10. e4 Be6 11. Nd5 Kh7 12. Be3 Nd7 13. d4 exd4 14. Nxd4
Nxd4 15. Bxd4 Bxd4 16. Qxd4 c5 17. Qd1 Ne5 18. b3 Nc6 19. Nc3 Nd4 20. Ne2
Nc6 21. Rb2 Qc7 22. Rd2 Rad8 23. f4 f5 24. exf5 gxf5 25. Re1 Rfe8 26. Qb1
Bc8 27. Nc3 Qg7 28. Nd5 Nd4 29. Kh2 Be6 30. Rd3 Kh8 31. Rde3 Rg8 32. Qd1
Rde8 33. Qd2 Qf7 34. Qd1 Rb8 35. Nc3 Rbe8 36. Ne2 Qg7 37. Nxd4 cxd4 38. Rd3
a4 39. Qa1 Bd7 40. Bxb7 Rxe1 41. Qxe1 Re8 42. Qf2 Re3 43. Rxe3 dxe3 44.
Qxe3 Qb2+ 45. Kh1 Qb1+ 46. Qg1 Qxa2 47. Qd4+ Kg8 48. Bd5+ Kh7 49. bxa4 Qxa4
50. Kg2 Kg6 51. h4 Bc6 52. Kh3 Be8 53. h5+ Kh7 54. Qf6 1-0

[Event "S&WYM"]
[Site "Millfield School ENG"]
[Date "2002.07.16"]
[Round "8"]
[White "Mah,K"]
[Black "Jones,G"]
[Result "1-0"]
[WhiteElo "2409"]
[BlackElo "2237"]
[EventDate "2002.07.10"]

1. Nf3 Nf6 2. c4 c5 3. Nc3 Nc6 4. d4 cxd4 5. Nxd4 g6 6. g3 Bg7 7. Bg2 O-O
8. O-O Nxd4 9. Qxd4 d6 10. Qd3 a6 11. Bd2 Qc7 12. Rac1 Bd7 13. b3 Rfc8 14.
Bg5 Bc6 15. Nd5 Bxd5 16. cxd5 Qd7 17. h3 Rxc1 18. Rxc1 Rc8 19. Rc4 Rxc4 20.
Qxc4 Ne8 21. a4 Bf6 22. Bd2 Qc7 23. Qd3 Qc5 24. e3 Bb2 25. b4 Qc8 26. Bf1
Bg7 27. g4 Nf6 28. f4 Nd7 29. Kf2 Nb6 30. Qb3 Qd7 31. a5 Na8 32. b5 axb5
33. Bxb5 Qc8 34. Bc4 Nc7 35. Qb6 Na8 36. Qb4 Nc7 37. Kf3 h5 38. Be1 Bf6 39.
Qa4 Kg7 40. Bg3 hxg4+ 41. hxg4 Qa8 42. Qb4 Na6 43. Qd2 Qc8 44. Qc2 g5 45.
Be1 Qh8 46. Kg2 Qc8 47. Kf3 Qh8 48. Bf1 Qh1+ 49. Qg2 Qxg2+ 50. Kxg2 gxf4
51. exf4 Nc7 52. Bc4 Bd4 53. Kf3 b6 54. Bc3 Bxc3 55. axb6 Ba5 56. b7 Na6
57. Bxa6 Bc7 58. Ke4 e6 59. Bc4 Kf6 60. g5+ Ke7 61. Kf3 Bb8 62. Kg4 e5 63.
f5 Ba7 64. f6+ Kf8 65. Bd3 Kg8 66. Bf5 Kf8 67. Kf3 Ke8 68. Ke4 Kf8 69. Kd3
Ke8 70. Kc4 Kf8 71. Kb5 Ke8 72. Kc6 Bb8 73. g6 fxg6 74. Bxg6+ Kd8 75. f7
Ke7 76. f8=Q+ Kxf8 77. Kd7 Kg7 78. Bc2 Kf6 79. Kc8 Ba7 80. b8=Q 1-0

[Event "S&WYM"]
[Site "Millfield School ENG"]
[Date "2002.07.16"]
[Round "8"]
[White "Middelburg,T"]
[Black "Antal,Ge"]
[Result "1/2-1/2"]
[WhiteElo "2382"]
[BlackElo "2492"]
[EventDate "2002.07.10"]

1. e4 c5 2. Nf3 e6 3. d4 cxd4 4. Nxd4 Nf6 5. Nc3 d6 6. Be2 Be7 7. O-O O-O
8. f4 a6 9. Be3 Nc6 10. a4 Qc7 11. Kh1 Re8 12. Bf3 Bf8 13. g4 Nxd4 14. Bxd4
e5 15. Bg1 exf4 16. g5 Nd7 17. Nd5 Qc6 18. e5 dxe5 19. Nf6+ gxf6 20. Bxc6
bxc6 21. h4 fxg5 22. hxg5 c5 23. Ra3 Nb6 24. a5 Nc4 25. Rc3 Bb7+ 26. Kh2
Red8 27. Qh5 Nd2 28. Re1 Ne4 29. Rh3 Rd2+ 30. Re2 Rxe2+ 31. Qxe2 Nxg5 32.
Qxe5 Nxh3 33. Bxc5 Bg7 34. Qc7 Be4 35. Kxh3 Bf5+ 36. Kg2 Rc8 37. Qb6 Bxc2
38. Kf3 Bd1+ 39. Kxf4 Be2 40. b3 Bb5 41. Bd4 Rc6 42. Qb8+ Bf8 43. b4 Re6
44. Qc8 Be8 45. Bb6 Bxb4 46. Qxa6 Bc6 47. Qc8+ Kg7 48. Bd4+ Kh6 49. a6 Bd6+
50. Kg4 Re4+ 51. Kh3 Bd5 52. Qc1+ Bf4 53. Qd1 Bc6 54. a7 Bg5 55. Bf2 Re6
56. Qc2 Bf3 57. Qd3 Ba8 58. Qc4 Rf6 59. Bg3 Bf3 60. Bh4 Bxh4 61. Qxh4+ Kg7
62. Qg3+ Kf8 63. Qb8+ Kg7 64. a8=Q Bxa8 65. Qxa8 Rg6 66. Qd8 Rh6+ 67. Kg4
Rg6+ 68. Kf5 Rg3 69. Qd4+ Kg8 1/2-1/2

[Event "S&WYM"]
[Site "Millfield School ENG"]
[Date "2002.07.16"]
[Round "8"]
[White "Palliser,R"]
[Black "Gladyszev,O"]
[Result "1/2-1/2"]
[WhiteElo "2441"]
[BlackElo "2388"]
[EventDate "2002.07.10"]

1. d4 Nf6 2. c4 g6 3. Nc3 Bg7 4. e4 d6 5. Bd3 O-O 6. Nge2 a6 7. O-O c6 8.
f3 b5 9. Be3 bxc4 10. Bxc4 d5 11. Bb3 dxe4 12. fxe4 Ng4 13. Bf4 e5 14. dxe5
Qb6+ 15. Qd4 c5 16. Qd6 Nd7 17. e6 c4+ 18. Qxb6 Nxb6 19. exf7+ Rxf7 20. Bc2
Bb7 21. h3 Ne5 22. Be3 Rxf1+ 23. Rxf1 Nbd7 24. Nf4 Re8 25. Rd1 Bc6 26. Ncd5
Nd3 27. Nxd3 cxd3 28. Bb3 Kh8 29. Rxd3 Rxe4 30. Nc3 Rxe3 31. Rxe3 Bd4 32.
Nd1 Nc5 33. Bc2 Na4 34. Bxa4 Bxa4 35. Kf1 Bb5+ 36. Ke1 Bxe3 37. Nxe3 Kg7
38. Kf2 Kf6 39. Nc2 Ke5 40. Ke3 Bc6 41. Ne1 g5 42. Nf3+ Kf6 43. b4 h5 44.
h4 gxh4 45. Kf4 Be8 46. Nxh4 Ke6 47. Ke4 Bc6+ 48. Kd4 Kf6 49. Nf3 Ke6 50.
Ke3 Kd5 51. Nd2 Bb5 52. g3 Ke5 53. Nb3 Bc4 54. Nc1 Kf5 55. a4 Kg4 56. Kf2
Kf5 57. Ke3 Kg4 58. Ne2 Kf5 59. Nc3 Kg4 60. Ne4 Bf1 61. Kf2 Bc4 62. Nd6 Bd3
63. Nb7 Kf5 64. Nc5 Bc4 65. Ke3 Kg4 66. Ne4 Bf1 67. Nf6+ Kg5 1/2-1/2

[Event "S&WYM"]
[Site "Millfield School ENG"]
[Date "2002.07.16"]
[Round "8"]
[White "Sinkevich,P"]
[Black "Skytte,R"]
[Result "1/2-1/2"]
[WhiteElo "2337"]
[BlackElo "2366"]
[EventDate "2002.07.10"]

1. e4 g6 2. d4 Bg7 3. Nc3 c6 4. Nf3 d5 5. h3 Nf6 6. Bd3 dxe4 7. Nxe4 Nxe4
8. Bxe4 Nd7 9. O-O Nf6 10. Bd3 Qc7 11. Qe2 O-O 12. Re1 e6 13. c3 b6 14. Ne5
Bb7 15. Bf4 Qe7 16. Nc4 Rfd8 17. Be5 c5 18. Rac1 Rac8 19. a3 Nh5 20. Qe3
Bd5 21. Bxg7 Nxg7 22. Ne5 cxd4 23. cxd4 1/2-1/2

[Event "S&WYM"]
[Site "Millfield School ENG"]
[Date "2002.07.16"]
[Round "8"]
[White "Haslinger,S"]
[Black "Addison,B"]
[Result "1-0"]
[WhiteElo "2310"]
[BlackElo "2219"]
[EventDate "2002.07.10"]

1. e4 g6 2. d4 Bg7 3. Nc3 c6 4. Nf3 d5 5. h3 Nf6 6. e5 Ne4 7. Nxe4 dxe4 8.
Ng5 c5 9. e6 Bxe6 10. Nxe6 fxe6 11. dxc5 Qa5+ 12. c3 Qxc5 13. Qb3 Nd7 14.
Bb5 O-O 15. Be3 Qd6 16. Rd1 Nc5 17. Rxd6 Nxb3 18. Rxe6 Na5 19. Rxe7 a6 20.
Bd7 Nc6 21. Rxe4 Ne5 22. Be6+ Kh8 23. Ke2 Rfe8 24. Bb3 b5 25. Rd1 a5 26.
Bd5 Rab8 27. f4 Nc4 28. Rxe8+ Rxe8 29. Bxc4 bxc4 30. Rd5 a4 31. Ra5 Bf8 32.
Kf3 Rb8 33. Rxa4 Rxb2 34. Ra8 Kg7 35. a4 Rb3 36. Bd4+ Kf7 37. Ke4 Rb2 38.
a5 Rxg2 39. a6 Re2+ 40. Kd5 Ra2 41. Kxc4 Bd6 42. a7 Bxf4 43. Rh8 1-0

[Event "S&WYM"]
[Site "Millfield School ENG"]
[Date "2002.07.16"]
[Round "8"]
[White "Trent,L"]
[Black "Martyn,R"]
[Result "1/2-1/2"]
[WhiteElo "2246"]
[BlackElo "2201"]
[EventDate "2002.07.10"]

1. d4 d5 2. Bg5 Nd7 3. e3 Ngf6 4. Nd2 e6 5. Bd3 Be7 6. c3 b6 7. Qe2 Bb7 8.
Ba6 Bxa6 9. Qxa6 O-O 10. Ngf3 Bd6 11. O-O Qc8 12. Qe2 Qb7 13. Bxf6 Nxf6 14.
Ne5 c5 15. f4 cxd4 16. exd4 b5 17. Rf3 Ne4 18. Nxe4 dxe4 19. Rh3 g6 20. Rf1
f6 21. Ng4 h5 22. Nf2 f5 23. Rg3 Kf7 24. Nh3 Be7 25. Re3 Qd5 26. Ng5+ Bxg5
27. fxg5 Kg7 28. h3 a6 29. a3 Qd8 30. h4 Qd5 31. Qf2 Rad8 32. Qf4 Rd7 33.
Rf2 Re8 34. Ree2 e5 35. dxe5 Qxe5 36. Qe3 Red8 37. Rd2 Rd6 38. Rxd6 Qxd6
39. Re2 Rd7 40. g3 Qc7 41. Kg2 Rd3 42. Qf2 Kg8 43. Re3 Rd7 44. Re2 Qd6 45.
Re3 Qd1 46. Re1 Qg4 47. Re3 Rd1 48. Qc2 Kf8 49. Qf2 Kg7 50. b3 Kg8 51. c4
bxc4 52. bxc4 Rd3 53. c5 f4 54. Rxd3 exd3 55. c6 d2 56. Qxd2 Qxg3+ 57. Kf1
Qf3+ 58. Kg1 Qxc6 59. Qxf4 Qc5+ 60. Kg2 Qxa3 61. Qc4+ Kf8 1/2-1/2

[Event "S&WYM"]
[Site "Millfield School ENG"]
[Date "2002.07.16"]
[Round "8"]
[White "Woodward,T"]
[Black "Broomfield,M"]
[Result "0-1"]
[WhiteElo "2211"]
[BlackElo "2229"]
[EventDate "2002.07.10"]

1. Nf3 Nf6 2. c4 b6 3. g3 Bb7 4. Bg2 c5 5. O-O e6 6. Nc3 Be7 7. Re1 Ne4 8.
d4 d6 9. d5 Nxc3 10. bxc3 e5 11. e4 O-O 12. Qe2 Nd7 13. Be3 g6 14. Bh6 Re8
15. h4 Nf6 16. Nh2 Kh8 17. Bd2 Bc8 18. f4 exf4 19. e5 Nh5 20. exd6 Qxd6 21.
g4 Ng7 22. Qf2 g5 23. hxg5 Bxg5 24. Nf3 h6 25. Nxg5 hxg5 26. Bf3 Bd7 27.
Qh2+ Kg8 28. Be4 f5 29. gxf5 Nxf5 30. Kf2 Nh6 31. Qh5 Qf6 32. d6 Rad8 33.
Bd5+ Kh7 34. Rh1 Re5 35. Qf3 Qxd6 36. Rh5 Be8 37. Rh2 Qe7 38. Rxh6+ Kxh6
39. Rh1+ Kg7 40. Qh3 Bg6 41. Bxf4 Rf5 0-1

[Event "S&WYM"]
[Site "Millfield School ENG"]
[Date "2002.07.16"]
[Round "8"]
[White "Skjoldborg,J DEN"]
[Black "Koster,R"]
[Result "1-0"]
[WhiteElo "2201"]
[BlackElo "2226"]
[EventDate "2002.07.10"]

1. e4 c5 2. Nf3 Nc6 3. d4 cxd4 4. Nxd4 Qb6 5. Nb3 Nf6 6. Nc3 e6 7. Be3 Qc7
8. Bd3 a6 9. f4 d6 10. Qf3 b5 11. O-O-O Bb7 12. g4 Nd7 13. Kb1 Be7 14. g5
Nc5 15. Qf2 Na4 16. Nxa4 bxa4 17. Bb6 Qc8 18. Nd2 a3 19. f5 Bxg5 20. Nc4
O-O 21. Rhg1 Bf6 22. Rg4 Ne5 23. Nxe5 dxe5 24. Bc5 exf5 25. exf5 e4 26. Bc4
e3 27. Qg3 Qxf5 28. Rg1 Be4 29. Rxg7+ Kh8 30. Bxa3 Bxc2+ 31. Ka1 Be5 32.
Rxh7+ Qxh7 33. Qxe5+ f6 34. Qf4 Qe4 35. Qh6+ Qh7 36. Bxf8 Qxh6 37. Bxh6 Re8
38. Re1 f5 39. Bxe3 1-0

[Event "S&WYM"]
[Site "Millfield School ENG"]
[Date "2002.07.16"]
[Round "8"]
[White "Erwich,Frank"]
[Black "Williams,Si"]
[Result "1-0"]
[WhiteElo "2330"]
[BlackElo "2421"]
[EventDate "2002.07.10"]

1. c4 f5 2. Nc3 Nf6 3. g3 e6 4. Bg2 Be7 5. Nf3 O-O 6. O-O d6 7. d4 Ne4 8.
Qb3 Bf6 9. Nxe4 fxe4 10. Nd2 Bxd4 11. Bxe4 Bb6 12. Qc2 h6 13. e3 Nd7 14. b4
e5 15. Nb3 Qe7 16. c5 dxc5 17. bxc5 Bxc5 18. Nxc5 Qxc5 19. Qb3+ Rf7 20. Bd5
Qe7 21. Ba3 c5 22. Rac1 Kf8 23. Bxf7 Qxf7 24. Bxc5+ 1-0

[Event "S&WYM"]
[Site "Millfield School ENG"]
[Date "2002.07.17"]
[Round "9"]
[White "Haslinger,S"]
[Black "Dearing,E"]
[Result "1/2-1/2"]
[WhiteElo "2310"]
[BlackElo "2343"]
[EventDate "2002.07.10"]

1. e4 c5 2. Nf3 d6 3. d4 Nf6 4. Nc3 cxd4 5. Nxd4 g6 6. Be3 Bg7 7. f3 Nc6 8.
Qd2 O-O 9. O-O-O Nxd4 10. Bxd4 Be6 11. Kb1 Qc7 12. g4 Rfc8 13. h4 Qa5 14.
a3 Rab8 15. h5 b5 16. h6 Bh8 17. g5 b4 18. Nb5 Qa4 19. gxf6 bxa3 1/2-1/2

[Event "S&WYM"]
[Site "Millfield School ENG"]
[Date "2002.07.17"]
[Round "9"]
[White "Palliser,R"]
[Black "Mah,K"]
[Result "1/2-1/2"]
[WhiteElo "2441"]
[BlackElo "2409"]
[EventDate "2002.07.10"]

1. d4 d5 2. c4 c6 3. Nf3 e6 4. Nc3 Nf6 5. Bg5 Nbd7 6. e3 Qa5 7. Nd2 dxc4 8.
Bxf6 Nxf6 9. Nxc4 Qc7 10. Be2 Be7 11. O-O O-O 12. a3 Rd8 13. Rc1 Bd7 14. b4
Be8 15. Qb3 Rac8 16. Bf3 Nd5 17. Ne4 b6 18. Ne5 Qb8 19. g3 Qa8 20. Nc3 a6
21. Rc2 Bf6 22. Nd3 Qa7 23. Rfc1 Rb8 24. Ne4 Be7 25. Ne5 a5 26. Nxc6 Bxc6
27. Rxc6 axb4 28. axb4 Bxb4 29. Ng5 Qa3 30. Bxd5 exd5 31. Qb1 g6 32. h4 Be7
33. R1c3 Qa4 34. Nf3 b5 35. h5 b4 36. Rc1 Kg7 37. Rc7 Bd6 1/2-1/2

[Event "S&WYM"]
[Site "Millfield School ENG"]
[Date "2002.07.17"]
[Round "9"]
[White "Pinter,G"]
[Black "Sinkevich,P"]
[Result "1/2-1/2"]
[WhiteElo "2381"]
[BlackElo "2337"]
[EventDate "2002.07.10"]

1. e4 c5 2. Nf3 Nc6 3. Bb5 a6 4. Bxc6 dxc6 5. h3 e5 6. O-O Bd6 7. d3 Ne7 8.
Be3 f6 9. Nbd2 Be6 10. c3 O-O 11. Qe2 Ng6 12. Rad1 Qc7 13. Rfe1 Kh8 14. a3
a5 15. Rc1 Bg8 16. Nf1 Nf4 17. Bxf4 exf4 18. d4 cxd4 19. cxd4 Qb6 20. Qc2
a4 21. N1d2 Qb5 22. Nb1 Bb3 23. Qd2 Rad8 24. Nc3 Qh5 25. Ne2 g5 26. Nh2 Qg6
27. f3 h5 28. Qc3 Rfe8 29. Kh1 Rd7 30. Nf1 g4 31. Nd2 Rg7 32. Rg1 Bg8 33.
Rcf1 Qg5 34. e5 gxh3 35. gxh3 Qf5 36. Kh2 Rxg1 37. Nxg1 fxe5 38. Re1 Bd5
39. Nc4 Bxc4 40. Qxc4 e4 41. Qc2 Qd5 42. fxe4 Qxd4 43. Nf3 Qc5 44. Qe2 Be5
45. Kh1 Qe7 46. Rg1 Rg8 47. Rxg8+ Kxg8 48. Qg2+ Bg7 49. Qg6 Qf7 50. Qg5 Qf6
1/2-1/2

[Event "S&WYM"]
[Site "Millfield School ENG"]
[Date "2002.07.17"]
[Round "9"]
[White "Antal,Ge"]
[Black "Gladyszev,O"]
[Result "1-0"]
[WhiteElo "2492"]
[BlackElo "2388"]
[EventDate "2002.07.10"]

1. e4 c5 2. Nf3 Nc6 3. d4 cxd4 4. Nxd4 Nf6 5. Nc3 e5 6. Ndb5 d6 7. Bg5 a6
8. Na3 b5 9. Bxf6 gxf6 10. Nd5 Bg7 11. Bd3 Ne7 12. Nxe7 Qxe7 13. c3 f5 14.
O-O O-O 15. Nc2 f4 16. Nb4 Qg5 17. f3 Bf6 18. Bc2 Kh8 19. Rf2 Rg8 20. Bb3
Bd8 21. Qxd6 Bh3 22. Nd3 Bf6 23. Ne1 Be7 24. Qd2 Rad8 25. Bd5 Bc5 26. Kf1
Be6 27. Rd1 Qh4 28. Nd3 Be3 29. Qe1 Bxd5 30. exd5 Qxh2 31. g4 Qh3+ 32. Ke2
e4 33. fxe4 Bxf2 34. Nxf2 Qe3+ 35. Kf1 Qg3 36. Rd3 f3 37. Qe3 Qg2+ 38. Ke1
Qg1+ 39. Kd2 Qb1 40. Qd4+ Rg7 41. Nd1 Qxa2 42. Rxf3 Qc4 43. Qe5 Qc8 44. Ne3
Re8 45. Qd4 Kg8 46. b3 Qc7 47. Nf5 Rg6 48. g5 Qb6 49. Qxb6 Rxb6 50. Kd3 a5
51. Kd4 a4 52. bxa4 bxa4 53. Nh6+ Kg7 54. Rxf7+ Kg6 55. Ra7 Kxg5 56. Nf7+
Kf4 57. e5 Rb1 58. Rxa4 Rc8 59. Kd3+ Kg3 60. d6 Rf1 61. Ng5 Rd1+ 62. Kc2
Rd5 63. Ne4+ Kf3 64. e6 Ke3 65. d7 Rg8 66. Rd4 Rxd4 67. cxd4 1-0

[Event "S&WYM"]
[Site "Millfield School ENG"]
[Date "2002.07.17"]
[Round "9"]
[White "Skytte,R"]
[Black "Middelburg,T"]
[Result "1/2-1/2"]
[WhiteElo "2366"]
[BlackElo "2382"]
[EventDate "2002.07.10"]

1. e4 c5 2. Nf3 Nc6 3. d4 cxd4 4. Nxd4 Qc7 5. Nc3 e6 6. Be2 a6 7. f4 d6 8.
Be3 Nf6 9. g4 Nxd4 10. Qxd4 b5 11. g5 Nd7 12. a3 1/2-1/2

[Event "S&WYM"]
[Site "Millfield School ENG"]
[Date "2002.07.17"]
[Round "9"]
[White "Jones,G"]
[Black "Erwich,Frank"]
[Result "1/2-1/2"]
[WhiteElo "2237"]
[BlackElo "2330"]
[EventDate "2002.07.10"]

1. e4 e5 2. Bc4 Nf6 3. d3 c6 4. Nf3 Be7 5. O-O d6 6. Nbd2 O-O 7. Bb3 Nbd7
8. c3 Nc5 9. Bc2 Qc7 10. Re1 b6 11. Nf1 a5 12. Ng3 g6 13. b3 Ne6 14. d4 Re8
15. Bb2 Nd7 16. Qd2 Bf6 17. Rad1 exd4 18. cxd4 Bg7 19. Bb1 d5 20. Rc1 Qd6
21. exd5 cxd5 22. Ne5 Bb7 23. a4 Nxd4 24. Nxf7 Nf3+ 25. gxf3 Kxf7 26. Bxg7
Kxg7 27. Qd4+ Kg8 28. Re3 Qf6 29. Qxf6 Nxf6 30. Rc7 Ba6 31. Rc6 Nd7 32. Rd6
Ne5 33. Kg2 Nf7 34. Rxd5 Bb7 35. Rd2 Red8 36. Rxd8+ Rxd8 37. Ne4 Kg7 38.
Bd3 Ne5 39. Bb5 Rf8 40. Be2 Ba8 41. Kg3 Nc6 42. Ng5 Nd4 43. Ne6+ Nxe6 44.
Rxe6 Rf6 45. Re5 Rd6 46. Re7+ Kf6 47. Re3 Rd4 48. Bc4 Bd5 49. Bxd5 Rxd5 50.
f4 Rd4 51. h4 h5 52. Kf3 Rb4 53. Rd3 Ke6 1/2-1/2

[Event "S&WYM"]
[Site "Millfield School ENG"]
[Date "2002.07.17"]
[Round "9"]
[White "Martyn,R"]
[Black "Addison,B"]
[Result "0-1"]
[WhiteElo "2201"]
[BlackElo "2219"]
[EventDate "2002.07.10"]

1. d4 e6 2. c4 f5 3. g3 Nf6 4. Nf3 d5 5. Bg2 c6 6. O-O Bd6 7. b3 Qe7 8. Bb2
O-O 9. Nbd2 b6 10. Ne5 Bb7 11. Rc1 a5 12. Qc2 Na6 13. Qb1 c5 14. cxd5 exd5
15. Ndf3 Ne4 16. Rfd1 Rae8 17. Nd3 Nb4 18. Nfe5 Nxd3 19. Nxd3 f4 20. Ne5
Qg5 21. Nf3 Qh5 22. Qd3 Re6 23. dxc5 bxc5 24. Qb5 Re7 25. Rf1 g5 26. Qd3
Re6 27. Rcd1 g4 28. Nh4 Be7 29. Qb5 Bc6 30. Qxa5 Bxh4 31. gxh4 f3 32. Qc7
d4 33. exf3 gxf3 34. Bh3 Rg6+ 35. Kh1 Qxh4 36. Be6+ Rxe6 37. Rg1+ Rg6 0-1